Statistiques concernant Départements français par images n°2

Cliquez ici pour prendre le quiz!

Statistiques générales

  • Ce quiz a été pris 53 fois
  • Le résultat moyen est 14 sur 20

Statistiques - réponses

Réponse% Correct
Gard
94%
Gironde
86%
Côte-d'Or
84%
Drôme
78%
Eure
78%
Finistère
78%
Dordogne
76%
Côtes-d'Armor
73%
Jura
73%
Indre
71%
Eure-et-Loir
69%
Haute-Corse
67%
Herault
67%
Gers
61%
Indre-et-Loire
61%
Isère
61%
Creuse
59%
Doubs
59%
Ille-et-Villaine
57%
Haute-Garonne
55%

Distribution des résultats

Percentile par nombre de réponses

% des personnes avec chaque résultat

Votre développement - résultats

Vous n’avez pas pris ce quiz